Noms de Pays contenant... Fruits & Légumes - Statistiques

Statistiques générales
  • Ce quiz a été pris 23 fois
  • Le résultat moyen est 4 sur 12
Statistiques - réponses
Marque Solutions Pays % Correct
Jaque 1 Jamaïque
80%
Litchi 1 Liechtenstein
70%
Grenade 2 Grenade, Saint-Vincent-et-les-Grenadines
65%
Fraise 1 Afrique du Sud
35%
Melon 3 République Dominicaine, Mongolie, Timor Oriental
35%
Salade 2 Bangladesh, Saint-Vincent-et-les-Grenadines
30%
Raisin 6 Émirats arabes unis, Kirghizistan, Saint-Christophe-et-Niévès, Saint-Marin, Saint-Vincent...
30%
Rutabaga 1 Antigua-et-Barbuda
25%
Amande 1 Danemark
25%
Cerise 4 Micronésie, Saint-Christophe-et-Niévès, Saint-Vincent-et-les-Grenadines, Sao-Tomé...
25%
Oignon 2 Bosnie-Herzégovine
15%
Ananas 1 Afghanistan
10%
Aucun quiz correspondant
Distribution des résultats
% des personnes avec chaque résultat
Percentile par nombre de réponses
Votre historique - résultats
Vous n’avez pas pris ce quiz